| 000 | 00591nam a2200181 a 4500 | ||
|---|---|---|---|
| 005 | 20240925065717.0 | ||
| 008 | 991125m19691977mx 000 0 spa u | ||
| 035 | _aUPN01000010232 | ||
| 049 | _aCG | ||
| 050 | 4 |
_aP90 _bM3.28 |
|
| 100 | 1 |
_aMcLuhan, Marshall, _d1911-1980 _931138 |
|
| 245 | 1 | 3 |
_aLa comprensión de los medios como las extensiones del hombre / _cMarshall McLuhan ; tr. Ramón Palazón. |
| 260 |
_aMéxico : _bDiana, _c1969 (1977 impr.). |
||
| 300 | _a443 p. | ||
| 650 | 4 |
_aMedios masivos de comunicación _99547 |
|
| 650 | 4 |
_aTecnología y civilización _99784 |
|
| 905 | _aLibro | ||
| 999 |
_c10232 _d10232 |
||